| 000 | 01060 a2200241 4500 | ||
|---|---|---|---|
| 005 | 20260102143030.0 | ||
| 008 | 260102b |||||||| |||| 00| 0 eng d | ||
| 020 | _a9788119808007 (hbk) | ||
| 037 | _cTB | ||
| 040 |
_aCRL _cCRL |
||
| 041 |
_2hin _ahin |
||
| 084 |
_aNA44(Q2) R5 _qCRL |
||
| 100 |
_aप्रसाद, पूनम _9821386 |
||
| 245 | _aभारत के मध्यकालिन भवनों में हिन्दू शैली का वैभव | ||
| 260 |
_aदिल्ली, भारत: _bबी. आर. पब्लिशिंग कॉर्पोरेशन, _c2025. |
||
| 300 | _a270पृ. | ||
| 365 |
_b4950.00 _cINR |
||
| 650 |
_aहिन्दू _9861433 |
||
| 650 |
_aइंडिया _9861434 |
||
| 650 |
_aललित कला _9861435 |
||
| 942 |
_cTB _2CC _n0 _hNA44(Q2) R5 |
||
| 999 |
_c1435475 _d1435475 |
||